[Event "4NCL Division 1c"]
[Site "Hinckley Island ENG"]
[Date "2015.05.02"]
[Round "9.111"]
[White "Zakarian, David"]
[Black "d'Costa, Lorin"]
[Result "1-0"]
[WhiteElo "2386"]
[BlackElo "2426"]
[PlyCount "91"]
[EventDate "2015.05.02"]
[WhiteTeam "Oxford 1"]
[BlackTeam "Barbican 4NCL 1"]

1. e4 c6 2. d4 d5 3. e5 Bf5 4. h4 h6 5. g4 Bd7 6. h5 e6 7. f4 c5 8. c3 Nc6 9.
Nf3 Qb6 10. Kf2 Rc8 11. Kg3 a6 12. Rh2 Nge7 13. dxc5 Qxc5 14. Nbd2 Qb6 15. Nb3
Na5 16. Nbd4 Nec6 17. Be3 Qc7 18. Nb3 Nc4 19. Bxc4 dxc4 20. Nc5 Ne7 21. Qxd7+
Qxd7 22. Nxd7 Kxd7 23. Bd4 Nd5 24. Nd2 Be7 25. Rf1 b5 26. Ne4 Rc6 27. f5 f6 28.
Rd2 Kc7 29. exf6 gxf6 30. Kf3 Re8 31. Bg1 Bf8 32. Rfd1 Kc8 33. fxe6 Rcxe6 34.
Rxd5 Rxe4 35. Rd8+ Kc7 36. R1d7+ Kc6 37. Rxe8 Rxe8 38. Rf7 Be7 39. Bd4 Kd5 40.
Bxf6 Bc5 41. Bd4 Bxd4 42. Rd7+ Kc5 43. Rxd4 Re1 44. Rd2 a5 45. g5 hxg5 46. Rh2
1-0

[Event "4NCL Division 1c"]
[Site "Hinckley Island ENG"]
[Date "2015.05.02"]
[Round "9.112"]
[White "Turner, Matthew"]
[Black "Tan, Justin"]
[Result "0-1"]
[WhiteElo "2476"]
[BlackElo "2407"]
[PlyCount "88"]
[EventDate "2015.05.02"]
[WhiteTeam "Barbican 4NCL 1"]
[BlackTeam "Oxford 1"]

1. e4 e5 2. Nf3 Nc6 3. Nc3 Nf6 4. Bc4 Nxe4 5. O-O Nxc3 6. dxc3 Be7 7. Qd5 O-O
8. Nxe5 Nxe5 9. Qxe5 Bf6 10. Qh5 c6 11. Bd3 g6 12. Qf3 Bg7 13. Be3 d6 14. Rfe1
Be6 15. Qg3 Re8 16. h4 Qd7 17. Bf4 d5 18. h5 Bf5 19. h6 Bf8 20. Qg5 Bxd3 21.
cxd3 Re6 22. Rxe6 Qxe6 23. Bd2 f6 24. Qg3 Re8 25. Re1 Qf7 26. Rxe8 Qxe8 27. Be3
Qe5 28. Qg4 f5 29. Qa4 a6 30. g3 Qf6 31. Qa5 g5 32. Qc7 Qxh6 33. Qxb7 f4 34.
Bd4 Qd6 35. gxf4 gxf4 36. Qc8 Qg6+ 37. Kh2 f3 38. Kh3 h5 39. Be5 Kf7 40. Bg3 h4
41. Qc7+ Be7 42. Qf4+ Kg8 43. Qb8+ Kh7 44. Qe5 Bd8 0-1

[Event "4NCL Division 1c"]
[Site "Hinckley Island ENG"]
[Date "2015.05.02"]
[Round "9.113"]
[White "Martins, David Pires Tavares"]
[Black "Ferguson, Mark"]
[Result "1/2-1/2"]
[WhiteElo "2293"]
[BlackElo "2418"]
[PlyCount "115"]
[EventDate "2015.05.02"]
[WhiteTeam "Oxford 1"]
[BlackTeam "Barbican 4NCL 1"]

1. Nf3 d5 2. g3 Bg4 3. Bg2 e6 4. O-O c6 5. d3 Bd6 6. Nbd2 Nd7 7. e4 Ne7 8. Qe1
Qc7 9. b3 O-O 10. Bb2 Rfe8 11. c4 Ng6 12. h3 Bxf3 13. Nxf3 dxc4 14. dxc4 Nde5
15. Rd1 Nxf3+ 16. Bxf3 Rad8 17. Bg2 Be5 18. Bxe5 Nxe5 19. Qe3 Qa5 20. f4 Ng6
21. Qf2 Nf8 22. e5 a6 23. Kh2 h6 24. c5 Nd7 25. Rc1 Nf8 26. Rfd1 Ng6 27. Rd6
Ne7 28. Rcd1 Nf5 29. Rd7 Rxd7 30. Rxd7 Re7 31. b4 Qa3 32. Rd8+ Kh7 33. g4 Qe3
34. Qxe3 Nxe3 35. Be4+ g6 36. Kg3 Nd5 37. a3 Kg7 38. h4 Nc7 39. Bd3 Nb5 40.
Bxb5 axb5 41. g5 hxg5 42. hxg5 b6 43. cxb6 Rb7 44. Kf3 Rxb6 45. Ke4 Ra6 46. Rd3
c5 47. bxc5 Ra4+ 48. Rd4 Rxa3 49. Rb4 Ra1 50. Rxb5 Rd1 51. Rb3 Kf8 52. Rd3 Rc1
53. Kd4 Ke7 54. Rc3 Rf1 55. Kc4 Kd7 56. Ra3 Kc6 57. Ra6+ Kb7 58. Rd6 1/2-1/2

[Event "4NCL Division 1c"]
[Site "Hinckley Island ENG"]
[Date "2015.05.02"]
[Round "9.114"]
[White "Cox, John"]
[Black "Altschuler, Jason"]
[Result "1-0"]
[WhiteElo "2354"]
[BlackElo "2253"]
[PlyCount "73"]
[EventDate "2015.05.02"]
[WhiteTeam "Barbican 4NCL 1"]
[BlackTeam "Oxford 1"]

1. c4 e5 2. g3 d6 3. Bg2 f5 4. Nc3 Nf6 5. d3 Be7 6. e4 c6 7. Nge2 O-O 8. O-O
Qe8 9. f3 Be6 10. exf5 Bxf5 11. d4 Na6 12. a3 Qf7 13. b3 Rad8 14. Be3 d5 15.
cxd5 exd4 16. Nxd4 Nxd5 17. Nxd5 Rxd5 18. f4 Rxd4 19. Qxd4 Bf6 20. Qxa7 Bxa1
21. Rxa1 Qxb3 22. Bd4 Rd8 23. Re1 Qd3 24. Be5 Qd2 25. Rf1 Qd7 26. Bf3 Qf7 27.
Re1 h6 28. g4 Qg6 29. Qxb7 Bxg4 30. Qxc6 Qh5 31. Qb7 Qg6 32. Qc6 Qh5 33. Bg2
Rd2 34. Qc3 Re2 35. Rxe2 Bxe2 36. Qc8+ Kf7 37. Qd7+ 1-0

[Event "4NCL Division 1c"]
[Site "Hinckley Island ENG"]
[Date "2015.05.02"]
[Round "9.115"]
[White "Harvey, Marcus R"]
[Black "Sanders, Isaac"]
[Result "1/2-1/2"]
[WhiteElo "2317"]
[BlackElo "2311"]
[PlyCount "154"]
[EventDate "2015.05.02"]
[WhiteTeam "Oxford 1"]
[BlackTeam "Barbican 4NCL 1"]

1. Nf3 d5 2. g3 Nc6 3. d4 Bg4 4. h3 Bxf3 5. exf3 e5 6. dxe5 Nxe5 7. f4 Nc4 8.
Bxc4 dxc4 9. Qe2+ Qe7 10. Be3 Qe6 11. Nd2 c3 12. bxc3 O-O-O 13. Qc4 Qxc4 14.
Nxc4 Nh6 15. g4 f6 16. Rb1 b6 17. Ke2 Nf7 18. Rhd1 Nd6 19. Nxd6+ Bxd6 20. Rd5
Kd7 21. c4 Kc6 22. Rbd1 Rde8 23. Kf3 Re7 24. a4 Rhe8 25. c3 Rf7 26. a5 Rfe7 27.
a6 Rh8 28. Rf5 Re6 29. Rb5 Re7 30. Rdd5 g6 31. h4 Rf7 32. f5 Be5 33. Bd4 gxf5
34. gxf5 Bd6 35. Rb1 Rg8 36. Re1 h5 37. Re4 Rg1 38. Re8 Ra1 39. Re6 Ra4 40.
Rxf6 Rxf6 41. Bxf6 Rxc4 42. Rd4 Rxc3+ 43. Ke4 Rc2 44. f4 Re2+ 45. Kd3 Re8 46.
Bg7 Kd7 47. f6 Ke6 48. Kc4 Kf7 49. Kb5 Rc8 50. Kc6 Rb8 51. Rd5 b5 52. Rxb5 Rxb5
53. Kxb5 Bxf4 54. Kc6 Be3 55. Kxc7 Bf4+ 56. Kc6 Bd2 57. Kb7 Be3 58. Kb8 Kg6 59.
Bf8 Kxf6 60. Kb7 Ke6 61. Kc6 Bf2 62. Bb4 Bb6 63. Be1 Be3 64. Bg3 Bb6 65. Bb8
Bf2 66. Bf4 Bb6 67. Bg3 Be3 68. Kc7 Bb6+ 69. Kc8 Ke7 70. Bf4 Ke6 71. Bg3 Ke7
72. Bc7 Bxc7 73. Kxc7 Ke6 74. Kc6 Ke5 75. Kc5 Ke6 76. Kd4 Kd6 77. Ke4 Ke6
1/2-1/2

[Event "4NCL Division 1c"]
[Site "Hinckley Island ENG"]
[Date "2015.05.02"]
[Round "9.116"]
[White "Knott, Simon"]
[Black "Rose, Matthew"]
[Result "1/2-1/2"]
[WhiteElo "2309"]
[BlackElo "2291"]
[PlyCount "65"]
[EventDate "2015.05.02"]
[WhiteTeam "Barbican 4NCL 1"]
[BlackTeam "Oxford 1"]

1. Nf3 c5 2. c4 Nc6 3. Nc3 Nf6 4. g3 d5 5. d4 e6 6. cxd5 exd5 7. Bg2 Be7 8. O-O
O-O 9. Bg5 c4 10. Ne5 Bf5 11. Bxf6 Bxf6 12. Bxd5 Nxe5 13. dxe5 Bxe5 14. Bxc4
Bxc3 15. bxc3 Qc7 16. Bd5 Qxc3 17. Bxb7 Rab8 18. Bf3 Qa3 19. Qd5 Be6 20. Qd3
Qxd3 21. exd3 Rfd8 22. Rfd1 Rb2 23. d4 Bxa2 24. d5 Kf8 25. d6 a5 26. Rd4 Rb1+
27. Rxb1 Bxb1 28. Bc6 Bf5 29. f4 Bd7 30. Bxd7 Rxd7 31. Rd5 a4 32. Ra5 Rxd6 33.
Rxa4 1/2-1/2

[Event "4NCL Division 1c"]
[Site "Hinckley Island ENG"]
[Date "2015.05.02"]
[Round "9.117"]
[White "Eckersley-Waites, Tom"]
[Black "Rogers, Jonathan"]
[Result "1-0"]
[WhiteElo "2299"]
[BlackElo "2284"]
[PlyCount "59"]
[EventDate "2015.05.02"]
[WhiteTeam "Oxford 1"]
[BlackTeam "Barbican 4NCL 1"]

1. e4 e6 2. d4 d5 3. e5 c5 4. c3 Nc6 5. Nf3 Bd7 6. Be2 Nge7 7. Na3 Nf5 8. Nc2
cxd4 9. cxd4 Nb4 10. Ne3 Nxe3 11. fxe3 Rc8 12. O-O Be7 13. Ne1 O-O 14. Bd2 Qb6
15. Bxb4 Qxb4 16. Nd3 Qa4 17. Qe1 Bb5 18. Nf4 Bg5 19. Bd1 Qa6 20. Rf3 Rc7 21.
Nh5 Bh6 22. Qh4 Be2 23. Nf6+ Kh8 24. Bxe2 Qxe2 25. Ng4 Rfc8 26. h3 Qxb2 27.
Raf1 Rc2 28. Rxf7 Rxg2+ 29. Kh1 Kg8 30. Qe7 1-0

[Event "4NCL Division 1c"]
[Site "Hinckley Island ENG"]
[Date "2015.05.02"]
[Round "9.118"]
[White "Lauterbach, Ingrid"]
[Black "Matta, Francesca"]
[Result "0-1"]
[WhiteElo "2075"]
[BlackElo "1922"]
[PlyCount "92"]
[EventDate "2015.05.02"]
[WhiteTeam "Barbican 4NCL 1"]
[BlackTeam "Oxford 1"]

1. g3 d5 2. Bg2 Nf6 3. b3 Bf5 4. Bb2 Nbd7 5. Nf3 e6 6. O-O Bd6 7. d3 O-O 8.
Nbd2 c6 9. e4 dxe4 10. dxe4 Bxe4 11. Nxe4 Nxe4 12. Qd3 Ndc5 13. Qe3 Nf6 14.
Rad1 Qe7 15. Ne5 Na6 16. Qd3 Bxe5 17. Bxe5 Rfd8 18. Bd6 Qe8 19. Qe2 Nd5 20. Ba3
Nc3 21. Qg4 Nxd1 22. Rxd1 Rxd1+ 23. Qxd1 Rd8 24. Qg4 Qd7 25. Bf3 Qd4 26. Qg5
Qd2 27. Qe5 Qxc2 28. Bb2 Qg6 29. Kg2 h6 30. Qe3 Qf5 31. Be4 Qc5 32. Qe2 Qe7 33.
h4 Nc7 34. Bb1 Nd5 35. Qc2 Nf6 36. g4 Rd5 37. Kh3 Qc5 38. Qe2 Qe7 39. f4 Nd7
40. Qc2 Nf8 41. g5 hxg5 42. hxg5 Ng6 43. Qe4 Qd6 44. Kg3 Rxg5+ 45. Kf3 Nh4+ 46.
Kf2 Rg2+ 0-1

[Event "4NCL Division 1c"]
[Site "Hinckley Island ENG"]
[Date "2015.05.02"]
[Round "9.121"]
[White "Ghasi, Ameet K"]
[Black "Palliser, Richard"]
[Result "1-0"]
[WhiteElo "2462"]
[BlackElo "2439"]
[PlyCount "76"]
[EventDate "2015.05.02"]
[WhiteTeam "Grantham Sharks 1"]
[BlackTeam "White Rose 1"]

1. Nf3 c5 2. g3 Nc6 3. Bg2 e5 4. O-O g6 5. e4 Bg7 6. c3 Nge7 7. d3 O-O 8. a3 d6
9. Nbd2 h6 10. b4 Be6 11. Nb3 c4 12. dxc4 Bxc4 13. Re1 f5 14. a4 fxe4 15. Nfd2
Bf7 16. Ba3 Nf5 17. b5 Nce7 18. c4 a6 19. Bxe4 axb5 20. axb5 Qb6 21. Qf3 Nd4
22. Nxd4 Qxd4 23. Qe3 Nf5 24. Qxd4 exd4 25. Bb4 d3 26. Rxa8 Rxa8 27. Bxb7 Ra4
28. Rb1 Rxb4 29. Rxb4 Bc3 30. Rb3 Bxd2 31. Rxd3 Bb4 32. b6 Bc5 33. Rb3 Bxc4 34.
Rb1 Nd4 35. Be4 d5 36. b7 Nc6 37. Rc1 Bd6 38. Bd3 Kf7 1-0

[Event "4NCL Division 1c"]
[Site "Hinckley Island ENG"]
[Date "2015.05.02"]
[Round "9.122"]
[White "Emms, John M"]
[Black "Grund, Holger"]
[Result "1/2-1/2"]
[WhiteElo "2462"]
[BlackElo "2398"]
[PlyCount "131"]
[EventDate "2015.05.02"]
[WhiteTeam "White Rose 1"]
[BlackTeam "Grantham Sharks 1"]

1. e4 c6 2. c4 d5 3. cxd5 cxd5 4. exd5 Nf6 5. Nc3 Nxd5 6. Nf3 e6 7. Bc4 Nxc3 8.
bxc3 Be7 9. O-O O-O 10. d4 Qc7 11. Qd3 Nd7 12. Re1 Rd8 13. Ng5 Nf6 14. Bb3 Bd7
15. Bd2 Rac8 16. a4 Bd6 17. g3 b6 18. Re3 h6 19. Ne4 Nd5 20. Ree1 Bf8 21. c4
Nb4 22. Qe2 Bc6 23. Bc3 Bxe4 24. Qxe4 Nd5 25. Bb2 Nf6 26. Qf3 Qc6 27. d5 exd5
28. cxd5 Qd6 29. Be5 Qb4 30. Rab1 Qg4 31. Qxg4 Nxg4 32. Bb2 Bc5 33. Re2 Re8 34.
Rc2 Rcd8 35. Kg2 Re4 36. h3 Nf6 37. Rd1 Rde8 38. Bc4 Nd7 39. Bb5 Rd8 40. Re2
Rxe2 41. Bxe2 Nf6 42. Bxf6 gxf6 43. Bb5 Kg7 44. f4 f5 45. Kf3 Kf6 46. g4 Bd6
47. Rc1 Bc5 48. Rd1 Bd6 49. Rd2 Rc8 50. Bc6 Rc7 51. Re2 Re7 52. Rxe7 Bxe7 53.
Bd7 fxg4+ 54. hxg4 Bd6 55. Bb5 a5 56. Ke4 Bc7 57. Be2 Bd6 58. Ba6 Bc7 59. Be2
Bd6 60. f5 Bc5 61. Bd1 Ke7 62. Kd3 f6 63. Kc4 Kd6 64. Bf3 Be3 65. Kb5 Kc7 66.
Bg2 1/2-1/2

[Event "4NCL Division 1c"]
[Site "Hinckley Island ENG"]
[Date "2015.05.02"]
[Round "9.123"]
[White "Roberson, Peter T"]
[Black "Wells, Peter"]
[Result "1/2-1/2"]
[WhiteElo "2413"]
[BlackElo "2441"]
[PlyCount "46"]
[EventDate "2015.05.02"]
[WhiteTeam "Grantham Sharks 1"]
[BlackTeam "White Rose 1"]

1. e4 c5 2. c3 Nf6 3. e5 Nd5 4. Nf3 Nc6 5. Bc4 Nb6 6. Bb3 c4 7. Bc2 d6 8. exd6
Qxd6 9. O-O Bg4 10. h3 Bh5 11. Re1 O-O-O 12. Be4 Qf6 13. Qe2 Ne5 14. g4 Nxf3+
15. Qxf3 Qxf3 16. Bxf3 Bg6 17. b3 e6 18. Be4 Bxe4 19. Rxe4 h5 20. Na3 hxg4 21.
hxg4 Bxa3 22. Bxa3 Rxd2 23. Bc5 Kc7 1/2-1/2

[Event "4NCL Division 1c"]
[Site "Hinckley Island ENG"]
[Date "2015.05.02"]
[Round "9.125"]
[White "Batchelor, Peter J"]
[Black "McNab, Colin"]
[Result "0-1"]
[WhiteElo "2296"]
[BlackElo "2437"]
[PlyCount "156"]
[EventDate "2015.05.02"]
[WhiteTeam "Grantham Sharks 1"]
[BlackTeam "White Rose 1"]

1. b3 g6 2. Bb2 Nf6 3. g3 Bg7 4. Bg2 d6 5. e4 e5 6. Ne2 O-O 7. O-O Nc6 8. d4
Bd7 9. c4 exd4 10. Nxd4 Re8 11. Re1 a6 12. Nd2 Ne5 13. Qc2 c5 14. N4f3 Nc6 15.
Rad1 b5 16. Qb1 Rb8 17. e5 Ng4 18. cxb5 axb5 19. Ne4 Ngxe5 20. Nxe5 dxe5 21.
Nxc5 Nd4 22. Bxd4 exd4 23. b4 Bf5 24. Be4 Bxe4 25. Rxe4 Qd5 26. Rde1 Rxe4 27.
Rxe4 h5 28. h4 Ra8 29. Qb3 Qc4 30. Qxc4 bxc4 31. a4 d3 32. Kf1 Rd8 33. Ke1 c3
34. Rc4 Re8+ 35. Kd1 Re2 36. Nxd3 Rd2+ 37. Kc1 Rxd3 38. a5 Rd2 39. b5 Rxf2 40.
b6 Rb2 41. a6 Rxb6 42. Rc8+ Kh7 43. a7 Ra6 44. a8=Q Rxa8 45. Rxa8 Be5 46. Ra4
Bxg3 47. Kc2 Be5 48. Kd3 Kg7 49. Rc4 Kf6 50. Ke4 Bg3 51. Kf3 Be1 52. Rf4+ Kg7
53. Rc4 c2 54. Rxc2 Bxh4 55. Rc7 Be1 56. Rb7 Kf6 57. Ke4 Bg3 58. Rb6+ Kg5 59.
Kf3 Bh2 60. Ra6 h4 61. Ra5+ f5 62. Ra8 Be5 63. Re8 Kf6 64. Kg2 g5 65. Kh3 Bd6
66. Re2 Be7 67. Re1 Kf7 68. Rg1 Kg6 69. Rg2 Kh5 70. Ra2 g4+ 71. Kg2 h3+ 72. Kh1
g3 73. Ra5 Kg4 74. Rd5 Bg5 75. Rd3 f4 76. Rb3 f3 77. Ra3 Bf4 78. Re3 g2+ 0-1

[Event "4NCL Division 1c"]
[Site "Hinckley Island ENG"]
[Date "2015.05.02"]
[Round "9.126"]
[White "Adair, James"]
[Black "Foisor, Veronica"]
[Result "1/2-1/2"]
[WhiteElo "2436"]
[BlackElo "2250"]
[PlyCount "91"]
[EventDate "2015.05.02"]
[WhiteTeam "White Rose 1"]
[BlackTeam "Grantham Sharks 1"]

1. e4 e6 2. d4 d5 3. Nc3 Bb4 4. e5 c5 5. a3 Bxc3+ 6. bxc3 Qa5 7. Bd2 Qa4 8. Qg4
g6 9. Nf3 Nc6 10. Be2 Qxc2 11. dxc5 Bd7 12. O-O Qe4 13. Qxe4 dxe4 14. Ng5 Nxe5
15. Nxe4 Bc6 16. Nd6+ Ke7 17. Rfb1 Nf6 18. Bf4 Ned7 19. Nxb7 e5 20. Be3 Be4 21.
Rb4 a5 22. Rb5 Bc6 23. Rb3 Rhb8 24. Rab1 a4 25. R3b2 Be4 26. c6 Bxc6 27. Na5
Rxa5 28. Rxb8 Nxb8 29. Rxb8 Nd7 30. Rc8 Kd6 31. c4 f5 32. Rh8 Nf6 33. Rd8+ Ke7
34. Rb8 Ra8 35. Rb6 Kd7 36. h3 Kc7 37. Bf3 Ne4 38. g3 Rb8 39. Rxb8 Kxb8 40. Be2
Kc7 41. Bh6 Nc3 42. Bd3 Be4 43. Bf1 Kc6 44. Bd2 Nd1 45. Bb4 Bc2 46. Be2 1/2-1/2

[Event "4NCL Division 1c"]
[Site "Hinckley Island ENG"]
[Date "2015.05.02"]
[Round "9.127"]
[White "Williams, Samuel G"]
[Black "Maroroa, Sue"]
[Result "0-1"]
[WhiteElo "2266"]
[BlackElo "2297"]
[PlyCount "50"]
[EventDate "2015.05.02"]
[WhiteTeam "Grantham Sharks 1"]
[BlackTeam "White Rose 1"]

1. d4 Nf6 2. c4 e6 3. Nc3 Bb4 4. Qc2 O-O 5. a3 Bxc3+ 6. Qxc3 b5 7. cxb5 c6 8.
Nf3 cxb5 9. Bg5 h6 10. Bh4 Bb7 11. e3 Nc6 12. Bxb5 g5 13. Bg3 Ne4 14. Qd3 Qa5+
15. Ke2 d5 16. Rhc1 Rac8 17. b4 Qb6 18. Ne1 a5 19. bxa5 Qxa5 20. f3 Na7 21. a4
Rc3 22. Qd1 Nxb5 23. axb5 Qxb5+ 24. Nd3 Ba6 25. Rab1 Qxd3+ 0-1

[Event "4NCL Division 1c"]
[Site "Hinckley Island ENG"]
[Date "2015.05.02"]
[Round "9.128"]
[White "Townsend, Paul"]
[Black "Murphy, Hugh W"]
[Result "0-1"]
[WhiteElo "2320"]
[BlackElo "2173"]
[PlyCount "56"]
[EventDate "2015.05.02"]
[WhiteTeam "White Rose 1"]
[BlackTeam "Grantham Sharks 1"]

1. c4 e6 2. g3 d5 3. Bg2 c6 4. Nf3 Bd6 5. O-O e5 6. cxd5 cxd5 7. d3 Ne7 8. Nc3
Nbc6 9. e4 d4 10. Nd5 O-O 11. Nh4 Nxd5 12. exd5 Ne7 13. Qb3 a5 14. a4 b6 15. f4
exf4 16. Bxf4 Bxf4 17. Rxf4 g5 18. Rf6 gxh4 19. d6 Nf5 20. Rxf7 Rxf7 21. Bxa8
Ne3 22. Rc1 Bh3 23. Bd5 Nxd5 24. Qxd5 Qf6 25. d7 Bxd7 26. gxh4 Qf2+ 27. Kh1
Qf3+ 28. Qxf3 Rxf3 0-1

[Event "4NCL Division 1c"]
[Site "Hinckley Island ENG"]
[Date "2015.05.02"]
[Round "9.131"]
[White "Jones, Gawain"]
[Black "Gormally, Daniel W"]
[Result "1/2-1/2"]
[WhiteElo "2641"]
[BlackElo "2467"]
[PlyCount "40"]
[EventDate "2015.05.02"]
[WhiteTeam "Guildford 1"]
[BlackTeam "Blackthorne Russia"]

1. e4 c5 2. Nf3 Nc6 3. Bb5 e6 4. O-O Nge7 5. Re1 a6 6. Bxc6 Nxc6 7. d4 cxd4 8.
Nxd4 Be7 9. Nxc6 bxc6 10. e5 O-O 11. Nc3 f6 12. Qg4 fxe5 13. Rxe5 d6 14. Rh5
Qe8 15. Bg5 e5 16. Qe2 Bf5 17. Bxe7 Qxe7 18. Rxf5 Rxf5 19. Qc4+ Qf7 20. Qxc6
Rf8 1/2-1/2

[Event "4NCL Division 1c"]
[Site "Hinckley Island ENG"]
[Date "2015.05.02"]
[Round "9.133"]
[White "Edouard, Romain"]
[Black "Ledger, Andrew J"]
[Result "1-0"]
[WhiteElo "2622"]
[BlackElo "2389"]
[PlyCount "91"]
[EventDate "2015.05.02"]
[WhiteTeam "Guildford 1"]
[BlackTeam "Blackthorne Russia"]

1. d4 d5 2. c4 c6 3. Nf3 Nf6 4. Nc3 dxc4 5. a4 Bf5 6. Ne5 e6 7. f3 c5 8. e4 Bg6
9. Be3 cxd4 10. Qxd4 Qxd4 11. Bxd4 Nfd7 12. Nxd7 Nxd7 13. Bxc4 a6 14. Rc1 Rg8
15. h4 h6 16. Kf2 Bd6 17. h5 Bh7 18. Rhd1 Ke7 19. Rc2 Rac8 20. Ba2 Bc5 21.
Bxc5+ Nxc5 22. a5 Rgd8 23. Ke3 f5 24. Rxd8 Rxd8 25. Ne2 Rd3+ 26. Kf2 Nd7 27.
exf5 Bxf5 28. Rc7 Rd2 29. Rxb7 Bd3 30. Ke3 Rxe2+ 31. Kxd3 Rxg2 32. Bc4 Kd6 33.
Ke3 Rg5 34. b4 Rxh5 35. Bxa6 Re5+ 36. Kd2 Kc6 37. Ra7 g5 38. Bd3 h5 39. a6 Nb6
40. Rb7 Nc8 41. b5+ Kd6 42. a7 Nxa7 43. Rxa7 h4 44. b6 Kc6 45. b7 Kc7 46. Be4
1-0

[Event "4NCL Division 1c"]
[Site "Hinckley Island ENG"]
[Date "2015.05.02"]
[Round "9.134"]
[White "Bates, Richard A"]
[Black "van Kampen, Robin"]
[Result "0-1"]
[WhiteElo "2346"]
[BlackElo "2617"]
[PlyCount "78"]
[EventDate "2015.05.02"]
[WhiteTeam "Blackthorne Russia"]
[BlackTeam "Guildford 1"]

1. d4 Nf6 2. Nf3 b6 3. c4 Bb7 4. g3 g6 5. Bg2 Bg7 6. O-O O-O 7. Nc3 Ne4 8. Nxe4
Bxe4 9. Be3 d6 10. Qd2 c5 11. Bh6 Nd7 12. Bxg7 Kxg7 13. d5 b5 14. Nd4 Bxg2 15.
Nc6 Qc7 16. Kxg2 bxc4 17. Rac1 Nb6 18. e4 e6 19. Na5 exd5 20. exd5 Nxd5 21.
Rxc4 Nb6 22. Rh4 f6 23. Re1 Rae8 24. Rhe4 Re5 25. f4 Rxe4 26. Rxe4 d5 27. Re6
Qd7 28. Qe3 Rf7 29. Nb3 Nc4 30. Qe2 Qc7 31. Qd3 Re7 32. Qe2 Rd7 33. Nc1 Nd6 34.
Nd3 Nf5 35. Qf2 d4 36. Qf3 Ne3+ 37. Kh3 c4 38. f5 g5 39. Ne5 Qxe5 0-1

[Event "4NCL Division 1c"]
[Site "Hinckley Island ENG"]
[Date "2015.05.02"]
[Round "9.135"]
[White "Maze, Sebastien"]
[Black "Webb, Laurence E"]
[Result "1-0"]
[WhiteElo "2572"]
[BlackElo "2286"]
[PlyCount "229"]
[EventDate "2015.05.02"]
[WhiteTeam "Guildford 1"]
[BlackTeam "Blackthorne Russia"]

1. e4 e6 2. d4 d5 3. Nc3 Bb4 4. e5 b6 5. a3 Bf8 6. Nf3 Ne7 7. b4 c5 8. Bg5 h6
9. Bh4 g5 10. Bg3 Nf5 11. dxc5 bxc5 12. Rb1 Nc6 13. Bb5 Bd7 14. Ne2 Rb8 15.
Bxc6 Bxc6 16. c3 d4 17. bxc5 Rxb1 18. Qxb1 dxc3 19. O-O Bxc5 20. Nxc3 O-O 21.
Ne4 Bxe4 22. Qxe4 Bxa3 23. h4 Be7 24. Ra1 Qb6 25. Kh2 a5 26. Rb1 Qc5 27. hxg5
hxg5 28. Qg4 Nh6 29. Qh5 Qc2 30. Rb7 Nf5 31. Nxg5 Nxg3 32. Kxg3 Bxg5 33. Qxg5+
Kh7 34. Qh4+ Kg8 35. Qf6 Qh7 36. Ra7 Qd3+ 37. f3 Qd2 38. Rc7 Qd8 39. Re7 Qd2
40. Ra7 Qe1+ 41. Kh2 Qd2 42. f4 Qd8 43. Qxd8 Rxd8 44. Rxa5 Kg7 45. Kh3 Kg6 46.
Kg4 Rd2 47. g3 Rd3 48. Ra8 Kg7 49. Ra2 Kg6 50. Rf2 Rd4 51. Rf3 Ra4 52. Rd3 Ra8
53. Kf3 Ra1 54. Kg4 Rg1 55. Rd6 Kg7 56. Kh4 Rg2 57. g4 Rg1 58. Ra6 Rf1 59. Kg5
Rg1 60. Ra7 Re1 61. Ra2 Rg1 62. Re2 Rg3 63. Re1 Rg2 64. Rh1 Rg3 65. Rf1 Rg2 66.
Kh4 Re2 67. Kg3 Kg6 68. Rh1 Re3+ 69. Kf2 Ra3 70. Re1 Ra2+ 71. Kf3 Ra3+ 72. Re3
Ra4 73. Rd3 Ra1 74. Rd8 Kg7 75. Kg3 Rg1+ 76. Kh4 Rh1+ 77. Kg5 Rg1 78. Rd2 Rg3
79. Rh2 Rg1 80. Rh5 Re1 81. Rh6 Rg1 82. Rh5 Re1 83. Kh4 Re3 84. g5 Re1 85. Kg3
Re3+ 86. Kg4 Re1 87. Rh6 Rg1+ 88. Kf3 Rf1+ 89. Ke3 Re1+ 90. Kf2 Ra1 91. Rf6 Ra6
92. Ke3 Rb6 93. Kd4 Ra6 94. Kc5 Ra5+ 95. Kc6 Ra4 96. g6 fxg6 97. Kd7 Ra7+ 98.
Kxe6 Ra6+ 99. Ke7 Ra7+ 100. Kd8 Ra8+ 101. Kc7 Ra7+ 102. Kb6 Ra4 103. Kc5 Ra5+
104. Kd4 Ra4+ 105. Ke3 Ra3+ 106. Ke4 Ra4+ 107. Kf3 Ra1 108. Rd6 Rf1+ 109. Ke4
Ra1 110. Rd7+ Kf8 111. e6 Re1+ 112. Kd5 Re2 113. Kd6 Re4 114. Rd8+ Kg7 115. e7
1-0

[Event "4NCL Division 1c"]
[Site "Hinckley Island ENG"]
[Date "2015.05.02"]
[Round "9.136"]
[White "Ledger, Dave J"]
[Black "Zhou, Yang-Fan"]
[Result "1-0"]
[WhiteElo "2230"]
[BlackElo "2477"]
[PlyCount "105"]
[EventDate "2015.05.02"]
[WhiteTeam "Blackthorne Russia"]
[BlackTeam "Guildford 1"]

1. e4 c5 2. Nf3 e6 3. d4 cxd4 4. Nxd4 Nc6 5. Nc3 Qc7 6. g3 a6 7. Bg2 Nge7 8.
Be3 b5 9. Nb3 Ne5 10. Nd2 Bb7 11. O-O h5 12. h3 h4 13. g4 N7g6 14. f4 Nc4 15.
Nxc4 Qxc4 16. Qd2 Rc8 17. a3 Bc5 18. Rad1 Bxe3+ 19. Qxe3 Qc5 20. Qxc5 Rxc5 21.
Rd4 f6 22. Rfd1 Bc6 23. f5 e5 24. Rd6 Nf4 25. Bf1 Ke7 26. R6d2 Rd8 27. Kf2 a5
28. Ke3 b4 29. axb4 axb4 30. Ne2 g5 31. fxg6 Nxg6 32. Nc1 Ra5 33. Nd3 Rb8 34.
b3 Nf8 35. Ne1 Ne6 36. Nf3 Rh8 37. Bc4 Nf4 38. Nd4 Bxe4 39. Kxe4 d5+ 40. Bxd5
exd4 41. Kxf4 Rxd5 42. Rxd4 Rxd4+ 43. Rxd4 Rb8 44. g5 Rg8 45. gxf6+ Kxf6 46.
Rxb4 Rg3 47. Rb6+ Ke7 48. Ke5 Kd7 49. Rd6+ Kc7 50. Rd3 Kc6 51. Kd4 Kb5 52. Rxg3
hxg3 53. Ke3 1-0

[Event "4NCL Division 1c"]
[Site "Hinckley Island ENG"]
[Date "2015.05.02"]
[Round "9.137"]
[White "Stefanova, Antoaneta"]
[Black "O'Grady, Gary P"]
[Result "1-0"]
[WhiteElo "2522"]
[BlackElo "1894"]
[PlyCount "91"]
[EventDate "2015.05.02"]
[WhiteTeam "Guildford 1"]
[BlackTeam "Blackthorne Russia"]

1. Nf3 e6 2. g3 f5 3. c4 Nf6 4. Bg2 Be7 5. O-O O-O 6. d4 d6 7. Nc3 Ne4 8. Nxe4
fxe4 9. Nd2 d5 10. f3 Nc6 11. fxe4 Rxf1+ 12. Nxf1 dxc4 13. Be3 Bd7 14. e5 Be8
15. Rc1 Rb8 16. Be4 b5 17. b3 cxb3 18. Bxc6 Bxc6 19. Rxc6 bxa2 20. Qa1 b4 21.
Qxa2 b3 22. Qb1 a5 23. Ra6 Qd5 24. Nd2 Qb5 25. Qd3 Qd5 26. Nb1 Bb4 27. Bd2 Bxd2
28. Qxd2 Qe4 29. Qd3 Qb7 30. Rxa5 b2 31. Ra3 Qb4 32. Qc3 Qb7 33. Qc4 Qe4 34.
Qd3 Qc6 35. Rc3 Qb6 36. Qc4 Qa7 37. Qxe6+ Kh8 38. Rd3 c5 39. Qc4 cxd4 40. Qxd4
Qc7 41. Rc3 Qf7 42. Rf3 Qc7 43. Qd6 Qc1+ 44. Kg2 Rg8 45. Qd3 Qc7 46. Qe4 1-0

[Event "4NCL Division 1c"]
[Site "Hinckley Island ENG"]
[Date "2015.05.02"]
[Round "9.138"]
[White "Robson, Caroline J"]
[Black "Hebden, Mark"]
[Result "0-1"]
[WhiteElo "1573"]
[BlackElo "2494"]
[PlyCount "46"]
[EventDate "2015.05.02"]
[WhiteTeam "Blackthorne Russia"]
[BlackTeam "Guildford 1"]

1. e4 e5 2. Nf3 Nc6 3. Bb5 a6 4. Ba4 Nf6 5. O-O Be7 6. Re1 b5 7. Bb3 O-O 8. c3
d5 9. exd5 Nxd5 10. Nxe5 Nxe5 11. Rxe5 c6 12. d4 Bd6 13. Re1 Qh4 14. g3 Qh3 15.
Be3 Bg4 16. Qd3 Rae8 17. Nd2 Re6 18. a4 Qh5 19. axb5 axb5 20. Ra6 Bb8 21. Ra8
Rfe8 22. Raa1 Nf4 23. gxf4 Rg6 0-1

[Event "4NCL Division 1c"]
[Site "Hinckley Island ENG"]
[Date "2015.05.02"]
[Round "9.141"]
[White "Howell, David WL"]
[Black "Pert, Nick"]
[Result "1/2-1/2"]
[WhiteElo "2687"]
[BlackElo "2557"]
[PlyCount "47"]
[EventDate "2015.05.02"]
[WhiteTeam "Cheddleton 1"]
[BlackTeam "Guildford 2"]

1. c4 Nf6 2. Nc3 e5 3. Nf3 Nc6 4. g3 g6 5. d4 exd4 6. Nxd4 Bg7 7. Bg2 O-O 8.
O-O Re8 9. Nxc6 dxc6 10. Bf4 Bf5 11. Qxd8 Raxd8 12. Rad1 Nd7 13. e4 Bg4 14. f3
Be6 15. Nd5 cxd5 16. cxd5 Nf8 17. dxe6 Nxe6 18. Bc1 Nd4 19. Kf2 f5 20. f4 fxe4
21. Rfe1 Nc2 22. Rxd8 Rxd8 23. Rxe4 Rd1 24. Be3 1/2-1/2